Statistiques concernant Préfectures aléatoires par département

Cliquez ici pour prendre le quiz!

Statistiques générales

  • Ce quiz a été pris 2 450 fois
  • Le résultat moyen est 17 sur 20

Statistiques - réponses

DépartementPréfecture% Correct
Haute-CorseBastia
100%
RhôneLyon
100%
Bouches-du-RhôneMarseille
100%
ParisParis
100%
Pyrénées-OrientalesPerpignan
100%
Bas-RhinStrasbourg
100%
SavoieChambéry
98%
SartheLe Mans
98%
Corse-du-SudAjaccio
97%
Territoire de BelfortBelfort
97%
Puy-de-DômeClermont-Ferrand
97%
GuyaneCayenne
95%
VendéeLa Roche-sur-Yon
95%
Alpes-MaritimesNice
95%
SommeAmiens
94%
GirondeBordeaux
94%
JuraLons-le-Saunier
94%
HéraultMontpellier
94%
La RéunionSaint-Denis
94%
NordLille
93%
Haute-SavoieAnnecy
92%
Loire-AtlantiqueNantes
92%
Côtes d'ArmorSaint-Brieuc
92%
MoselleMetz
91%
Meurthe-et-MoselleNancy
91%
VarToulon
91%
CalvadosCaen
90%
ArdennesCharleville-Mézières
90%
Côte-d'OrDijon
90%
IsèreGrenoble
90%
Charente-MaritimeLa Rochelle
90%
MorbihanVannes
90%
YvelinesVersailles
90%
Haut-RhinColmar
89%
EssonneÉvry-Courcouronnes
89%
FinistèreQuimper
89%
AveyronRodez
89%
OiseBeauvais
88%
GardNîmes
88%
NièvreNevers
87%
Deux-SèvresNiort
87%
Pyrénées-AtlantiquesPau
87%
DordognePérigueux
87%
Seine-Saint-DenisBobigny
86%
AisneLaon
86%
MayenneLaval
86%
Seine-MaritimeRouen
86%
CherBourges
85%
Alpes-de-Haute-ProvenceDigne-les-Bains
85%
EureÉvreux
85%
Hautes-AlpesGap
85%
ViennePoitiers
85%
LoireSaint-Étienne
85%
YonneAuxerre
84%
AudeCarcassonne
84%
AriègeFoix
84%
MartiniqueFort-de-France
84%
MancheSaint-Lô
84%
CorrèzeTulle
84%
Maine-et-LoireAngers
83%
CantalAurillac
83%
GuadeloupeBasse-Terre
83%
IndreChâteauroux
83%
Haute-GaronneToulouse
83%
MeuseBar-le-Duc
82%
DoubsBesançon
82%
TarnAlbi
81%
CharenteAngoulême
81%
Pas-de-CalaisArras
81%
GersAuch
81%
Tarn-et-GaronneMontauban
80%
ArdèchePrivas
80%
Ille-et-VilaineRennes
80%
AubeTroyes
80%
AinBourg-en-Bresse
79%
MarneChâlons-en-Champagne
79%
Val-de-MarneCréteil
79%
Saône-et-LoireMâcon
79%
LozèreMende
79%
LandesMont-de-Marsan
79%
AllierMoulins
79%
Hauts-de-SeineNanterre
79%
Hautes-PyrénéesTarbes
79%
Haute-MarneChaumont
78%
VosgesÉpinal
78%
DrômeValence
78%
Haute-VienneLimoges
77%
Indre-et-LoireTours
77%
LotCahors
76%
LoiretOrléans
76%
Lot-et-GaronneAgen
75%
CreuseGuéret
75%
MayotteMamoudzou
75%
Loir-et-CherBlois
74%
Seine-et-MarneMelun
74%
OrneAlençon
73%
VaucluseAvignon
70%
Eure-et-LoirChartres
69%
Val-d'OisePontoise
69%
Haute-SaôneVesoul
64%
Haute-LoireLe Puy-en-Velay
63%

Distribution des résultats

Percentile par nombre de réponses

% des personnes avec chaque résultat

Votre développement - résultats

Vous n’avez pas pris ce quiz